000 00376nam a2200169Ia 4500
005 20240821102006.0
008 131103s9999 xx 000 0 und d
040 _aLoreto College
041 _aEnglish
082 _a891.43
_b NAG
245 _aSubodh bharati
260 _a[s.l.]
_b[s.n.]
_c[19?]
300 _a167p.
650 _aHindi
850 _aLCBED
942 _cBK
999 _c35327
_d85806